| 000 | 00000nam 2200000za 4500 |
| 001 | 9.536364 |
| 003 | CaOODSP |
| 005 | 20210615084324 |
| 007 | ta |
| 008 | 150406s2002||||xxc||||| f|0| 0 eng d |
| 020 | |a0-662-66305-5 |
| 040 | |aCaOODSP|beng |
| 041 | |aeng |
| 041 | |afre |
| 043 | |an-cn--- |
| 086 | 1 |aH13-6/2002-2 |
| 110 | 1 |aCanada.|bHealth Canada. |bHealth Policy and Communications Branch. |
| 245 | 10|aHome care / |cby Evelyn Shapiro. |
| 260 | |aOttawa - Ontario : |bHealth Canada. |c2002. |
| 300 | |aEnglish text, 34p. ; |c28 cm. |
| 490 | 1 |aSynthesis series |
| 563 | |aSoftcover |
| 590 | |a02-38|b2002-09-20 |
| 690 | 07|aHealth care|2gcpds |
| 690 | 07|aHealth care system|2gcpds |
| 720 | 1 |aShapiro, Evelyn |
| 776 | 0#|tHome care / |w(CaOODSP)9.572927 |
| 776 | 0#|tLes soins à domicile / |w(CaOODSP)9.603173 |
| 792 | |tLes soins à domicile / |efre|w(CaOODSP)9.536365 |
| 830 | #0|aSynthesis series.|w(CaOODSP)9.509388 |